Poverty and social exclusion in India (Record no. 54100)

MARC details
000 -LEADER
fixed length control field 02050nam a22003377a 4500
005 - DATE AND TIME OF LATEST TRANSACTION
control field 2011072008588.0
010 ## - LCCN (DPL NO)
LC control number ENG-103065 B-461975-979
020 ## - INTERNATIONAL STANDARD BOOK NUMBER
Terms of availability 495.00
International Standard Book Number 9780198073925
020 ## - INTERNATIONAL STANDARD BOOK NUMBER
Terms of availability 495.00
International Standard Book Number 0198073925
035 ## - SYSTEM CONTROL NUMBER
System control number EN-86598 B-461975-979
037 ## - SOURCE OF ACQUISITION
Source of stock number/acquisition DBAD / PUB
037 ## - SOURCE OF ACQUISITION
Source of stock number/acquisition Allied Pub/Ven
082 ## - DEWEY DECIMAL CLASSIFICATION NUMBER
Classification number 305.5690954
245 ## - TITLE STATEMENT
Title Poverty and social exclusion in India
260 ## - PUBLICATION, DISTRIBUTION, ETC. (IMPRINT)
Place of publication, distribution, etc New Delhi
Name of publisher, distributor, etc Oxford University Press
Date of publication, distribution, etc 2011
270 ## - ADDRESS
Address YMCA Library Building Jai Singh Road
City New Delhi
Postal code 110001
300 ## - PHYSICAL DESCRIPTION
Extent xiii, 173 p. :
Dimensions 23cm (Hb)
Other physical details ill.
500 ## - GENERAL NOTE
General note Includes bibliographical references
650 ## - SUBJECT ADDED ENTRY--TOPICAL TERM
Topical term or geographic name as entry element Poverty
Geographic subdivision India
650 ## - SUBJECT ADDED ENTRY--TOPICAL TERM
Topical term or geographic name as entry element Marginality, Social
Geographic subdivision India
700 ## - ADDED ENTRY--PERSONAL NAME
9 (RLIN) 29720
710 ## - ADDED ENTRY--CORPORATE NAME
Corporate name or jurisdiction name as entry element World Bank.
9 (RLIN) 29753
942 ## - ADDED ENTRY ELEMENTS (KOHA)
Source of classification or shelving scheme Dewey Decimal Classification
Item type English Books
Call number suffix POV
Classification part 305.5690954
Holdings
Withdrawn status Lost status Not for loan Collection code Home library Current library Date acquired Source of acquisition Cost, normal purchase price Full call number Barcode Copy number Cost, replacement price Koha item type
      Non-fiction Central Library Central Library 21/05/2012 Allied Pub/1828/31.01.2012/27/18.01.2012/10.02.2012 495.00 305.5690954 POV B-461975 1 495.00 English Books
    Not For Loan Non-fiction D.B.Act.Division D.B.Act.Division 20/07/2011 DBAD/PUB 495.00 305.5690954 POV EN-86598 1 495.00 English Books
      Non-fiction Karol Bagh Karol Bagh 21/05/2012 Allied Pub/1828/31.01.2012/27/18.01.2012/10.02.2012 495.00 305.5690954 POV B-461978 1 495.00 English Books
      Non-fiction Patel Nagar Patel Nagar 21/05/2012 Allied Pub/1828/31.01.2012/27/18.01.2012/10.02.2012 495.00 305.5690954 POV B-461976 1 495.00 English Books
      Non-fiction Sarojini Nagar Sarojini Nagar 21/05/2012 Allied Pub/1828/31.01.2012/27/18.01.2012/10.02.2012 495.00 305.5690954 POV B-461977 1 495.00 English Books
      Non-fiction Shahdara Branch Shahdara Branch 21/05/2012 Allied Pub/1828/31.01.2012/27/18.01.2012/10.02.2012 495.00 305.5690954 POV B-461979 1 495.00 English Books

© Delhi Public Library
Hit Counter
free hit counter